| 000 | 00764nam a2200205Ii 4500 | ||
|---|---|---|---|
| 003 | JO-AjNU | ||
| 008 | 230605s9999||||xx |||||||||||||| ||und|| | ||
| 040 |
_aJO-AjNU _bara _erda _cJO-AjNU |
||
| 041 | _aara | ||
| 050 | 1 | 4 | _aK3943.D34 1999 |
| 100 | 3 |
_aمركز التجارة الدولية (جنيف - سويسرا) , _eauthor _948514 |
|
| 245 | 0 | 0 | _aدليل دوائر الأعمال إلى النظام التجاري العالمي |
| 250 | _aط2 | ||
| 264 | 3 | 1 | _aجنيف سويسرا: منظمة التجارة العالمية، 1999 |
| 300 | _a322ص | ||
| 336 |
_atext _btxt _2rdacontent |
||
| 337 |
_aunmediated _bn _2rdamedia |
||
| 338 |
_avolume _bnc _2rdacarrier |
||
| 650 | 4 |
_aالتجارة الخارجية - اتفاقيات خارجية _948515 |
|
| 999 |
_aA21251 _c24819 _d24819 |
||